Antagonistic Aliens in Science Fiction - Statistics

General Stats
  • This quiz has been taken 44 times
  • The average score is 8 of 22
Answer Stats
Medium Alien Race / Empire / Type Property % Correct
Film Predators Predator
94%
Film Xenomorph Alien
90%
Television / Film Borg Star Trek
87%
Television Daleks Doctor Who
77%
Film The Arachnids (Bugs) Starship Troopers
55%
Television / Film Cylons Battlestar Galactica
48%
Video Game Flood Halo
48%
Video Game Necromorphs Dead Space
39%
Film Poleepkwa (Prawns) District 9
35%
Video Game Combine Half-Life
29%
Video Game Reapers Mass Effect
29%
Video Game Zerg Starcraft
29%
Book / Film Vogons The Hitchhiker's Guide to the Galaxy
29%
Television / Film Reavers Firefly / Serenity
26%
Television / Book Protomolecule The Expanse
13%
Television / Book Trisolarans / San Ti The Three-Body Problem
13%
Television Omicronians Futurama
10%
Video Game Locust Gears of War
10%
Television Scarran Farscape
3%
Video Game Chimera Resistance
3%
Book The Tines A Fire Upon the Deep
0%
Book Necrosphere The Invincible
0%
No matching quizzes found
Score Distribution
Percent of People with Each Score
Percentile by Number Answered
Your Score History
You have not taken this quiz